MARC details
| 000 -LEADER |
| campo de control de longitud fija |
01343nam a2200301Ia 4500 |
| 003 - IDENTIFICADOR DE NÚMERO DE CONTROL |
| campo de control |
CoMeUDC |
| 005 - FECHA Y HORA DE LA ÚLTIMA TRANSACCIÓN |
| campo de control |
20220209123059.0 |
| 008 - DATOS DE LONGITUD FIJA--INFORMACIÓN GENERAL |
| campo de control de longitud fija |
130821s1997 ck gr spa |
| 040 ## - FUENTE DE CATALOGACIÓN |
| Centro catalogador/agencia de origen |
Co-BoUCM |
| Lengua de catalogación |
spa |
| Centro/agencia transcriptor |
CO-UdeC |
| 041 00 - CÓDIGO DE IDIOMA |
| Código de lengua del texto/banda sonora o título independiente |
spa |
| 082 ## - NÚMERO DE LA CLASIFICACIÓN DECIMAL DEWEY |
| Número de clasificación |
342 |
| Número de ítem |
B982 |
| 100 ## - ENTRADA PRINCIPAL--NOMBRE DE PERSONA |
| Nombre de persona |
Bustamante Ledesma, Alvaro |
| 9 (RLIN) |
156729 |
| 245 00 - MENCIÓN DEL TÍTULO |
| Título |
Derecho administrativo Colombiano / |
| Mención de responsabilidad, etc. |
Alvaro Bustamante Ledesma. |
| 250 ## - MENCION DE EDICION |
| Mención de edición |
2a. edición |
| 260 ## - PUBLICACIÓN, DISTRIBUCIÓN, ETC. |
| Lugar de publicación, distribución, etc. |
Medellín : |
| Nombre del editor, distribuidor, etc. |
Librería Jurídica Sánchez, |
| Fecha de publicación, distribución, etc. |
1997. |
| 300 ## - DESCRIPCIÓN FÍSICA |
| Extensión |
505 p. : |
| Dimensiones |
25 cm. |
| 500 ## - NOTA GENERAL |
| Nota general |
Responsabilidad extracontractual del Estado. Régimen disciplinario único. Régimen municipal. Áreas metropolitanas. Asociación de municipios. Guía de jurisprudencia. |
| 505 ## - NOTA DE CONTENIDO CON FORMATO |
| Nota de contenido con formato |
Responsabilidad extracontractual del Estado -- Régimen disciplinario único -- Régimen municipal -- Áreas metropolitanas -- Asociación de municipios -- Guía de jurisprudencia. |
| 650 04 - PUNTO DE ACCESO ADICIONAL DE MATERIA--TÉRMINO DE MATERIA |
| Término de materia o nombre geográfico como elemento de entrada |
Administración pública |
| 9 (RLIN) |
355 |
| 650 04 - PUNTO DE ACCESO ADICIONAL DE MATERIA--TÉRMINO DE MATERIA |
| Término de materia o nombre geográfico como elemento de entrada |
Contratación administrativa |
| Subdivisión geográfica |
Colombia |
| 9 (RLIN) |
11805 |
| 650 04 - PUNTO DE ACCESO ADICIONAL DE MATERIA--TÉRMINO DE MATERIA |
| Término de materia o nombre geográfico como elemento de entrada |
Derecho administrativo |
| 9 (RLIN) |
12695 |
| 650 04 - PUNTO DE ACCESO ADICIONAL DE MATERIA--TÉRMINO DE MATERIA |
| Término de materia o nombre geográfico como elemento de entrada |
Derecho administrativo |
| Subdivisión geográfica |
Colombia |
| 9 (RLIN) |
31733 |
| 650 04 - PUNTO DE ACCESO ADICIONAL DE MATERIA--TÉRMINO DE MATERIA |
| Término de materia o nombre geográfico como elemento de entrada |
Municipios |
| Subdivisión general |
Legislación |
| Subdivisión geográfica |
Colombia |
| 9 (RLIN) |
19962 |
| 650 04 - PUNTO DE ACCESO ADICIONAL DE MATERIA--TÉRMINO DE MATERIA |
| Término de materia o nombre geográfico como elemento de entrada |
Participación comunitaria |
| 9 (RLIN) |
21114 |
| 650 04 - PUNTO DE ACCESO ADICIONAL DE MATERIA--TÉRMINO DE MATERIA |
| Término de materia o nombre geográfico como elemento de entrada |
Responsabilidad administrativa |
| 9 (RLIN) |
23667 |
| 650 04 - PUNTO DE ACCESO ADICIONAL DE MATERIA--TÉRMINO DE MATERIA |
| Término de materia o nombre geográfico como elemento de entrada |
Responsabilidad del Estado |
| Subdivisión geográfica |
Colombia |
| 9 (RLIN) |
36263 |
| 942 ## - ELEMENTOS DE ENTRADA SECUNDARIOS (KOHA) |
| Tipo de ítem Koha |
Libros |